Designing Reliable Distributed Systems (Запис № 452954)

МАРК-запис
000 -LEADER
fixed length control field 04437nam a22005895i 4500
001 - CONTROL NUMBER
control field 978-1-4471-6687-0
003 - CONTROL NUMBER IDENTIFIER
control field DE-He213
005 - DATE AND TIME OF LATEST TRANSACTION
control field 20210118152121.0
007 - PHYSICAL DESCRIPTION FIXED FIELD--GENERAL INFORMATION
fixed length control field cr nn 008mamaa
008 - FIXED-LENGTH DATA ELEMENTS--GENERAL INFORMATION
fixed length control field 180212s2017 xxk| s |||| 0|eng d
020 ## - INTERNATIONAL STANDARD BOOK NUMBER
International Standard Book Number 9781447166870
-- 978-1-4471-6687-0
024 7# - OTHER STANDARD IDENTIFIER
Standard number or code 10.1007/978-1-4471-6687-0
Source of number or code doi
050 #4 - LIBRARY OF CONGRESS CALL NUMBER
Classification number QA76.758
072 #7 - SUBJECT CATEGORY CODE
Subject category code UMZ
Source bicssc
072 #7 - SUBJECT CATEGORY CODE
Subject category code COM051230
Source bisacsh
072 #7 - SUBJECT CATEGORY CODE
Subject category code UMZ
Source thema
082 04 - DEWEY DECIMAL CLASSIFICATION NUMBER
Classification number 005.1
Edition number 23
100 1# - MAIN ENTRY--PERSONAL NAME
Personal name Ölveczky, Peter Csaba.
Relator term author.
Relator code aut
-- http://id.loc.gov/vocabulary/relators/aut
245 10 - TITLE STATEMENT
Title Designing Reliable Distributed Systems
Medium [electronic resource] :
Remainder of title A Formal Methods Approach Based on Executable Modeling in Maude /
Statement of responsibility, etc by Peter Csaba Ölveczky.
250 ## - EDITION STATEMENT
Edition statement 1st ed. 2017.
264 #1 -
-- London :
-- Springer London :
-- Imprint: Springer,
-- 2017.
300 ## - PHYSICAL DESCRIPTION
Extent XVIII, 313 p. 17 illus., 6 illus. in color.
Other physical details online resource.
336 ## -
-- text
-- txt
-- rdacontent
337 ## -
-- computer
-- c
-- rdamedia
338 ## -
-- online resource
-- cr
-- rdacarrier
347 ## -
-- text file
-- PDF
-- rda
490 1# - SERIES STATEMENT
Series statement Undergraduate Topics in Computer Science,
Міжнародний стандартний серійний номер для назви серії (ISSN) 1863-7310
520 ## - SUMMARY, ETC.
Summary, etc This classroom-tested textbook provides an accessible introduction to the design, formal modeling, and analysis of distributed computer systems. The book uses Maude, a rewriting logic-based language and simulation and model checking tool, which offers a simple and intuitive modeling formalism that is suitable for modeling distributed systems in an attractive object-oriented and functional programming style. Topics and features: Introduces classical algebraic specification and term rewriting theory, including reasoning about termination, confluence, and equational properties Covers object-oriented modeling of distributed systems using rewriting logic, as well as temporal logic to specify requirements that a system should satisfy Provides a range of examples and case studies from different domains, to help the reader to develop an intuitive understanding of distributed systems and their design challenges Examples include classic distributed systems such as transport protocols, cryptographic protocols, and distributed transactions, leader election, and mutual execution algorithms Contains a wealth of exercises, including larger exercises suitable for course projects, and supplies executable code and supplementary material at an associated website This self-contained textbook is designed to support undergraduate courses on formal methods and distributed systems, and will prove invaluable to any student seeking a reader-friendly introduction to formal specification, logics and inference systems, and automated model checking techniques. Dr. Peter Csaba Ölveczky is a Professor in the Department of Informatics at the University of Oslo, Norway.    .
506 ## - RESTRICTIONS ON ACCESS NOTE
Terms governing access Available to subscribing member institutions only. Доступно лише організаціям членам підписки.
506 ## - RESTRICTIONS ON ACCESS NOTE
Standardized terminology for access restriction Online access from local network of NaUOA.
506 ## - RESTRICTIONS ON ACCESS NOTE
Standardized terminology for access restriction Online access with authorization at https://link.springer.com/
506 ## - RESTRICTIONS ON ACCESS NOTE
Standardized terminology for access restriction Онлайн-доступ з локальної мережі НаУОА.
506 ## - RESTRICTIONS ON ACCESS NOTE
Standardized terminology for access restriction Онлайн доступ з авторизацією на https://link.springer.com/
650 #0 - SUBJECT ADDED ENTRY--TOPICAL TERM
Topical term or geographic name as entry element Software engineering.
650 #0 - SUBJECT ADDED ENTRY--TOPICAL TERM
Topical term or geographic name as entry element Computer simulation.
650 #0 - SUBJECT ADDED ENTRY--TOPICAL TERM
Topical term or geographic name as entry element Mathematical logic.
650 #0 - SUBJECT ADDED ENTRY--TOPICAL TERM
Topical term or geographic name as entry element Computer communication systems.
650 14 - SUBJECT ADDED ENTRY--TOPICAL TERM
Topical term or geographic name as entry element Software Engineering.
-- http://scigraph.springernature.com/things/product-market-codes/I14029
650 24 - SUBJECT ADDED ENTRY--TOPICAL TERM
Topical term or geographic name as entry element Simulation and Modeling.
-- http://scigraph.springernature.com/things/product-market-codes/I19000
650 24 - SUBJECT ADDED ENTRY--TOPICAL TERM
Topical term or geographic name as entry element Mathematical Logic and Formal Languages.
-- http://scigraph.springernature.com/things/product-market-codes/I16048
650 24 - SUBJECT ADDED ENTRY--TOPICAL TERM
Topical term or geographic name as entry element Computer Communication Networks.
-- http://scigraph.springernature.com/things/product-market-codes/I13022
710 2# - ADDED ENTRY--CORPORATE NAME
Corporate name or jurisdiction name as entry element SpringerLink (Online service)
773 0# - HOST ITEM ENTRY
Title Springer eBooks
776 08 - ADDITIONAL PHYSICAL FORM ENTRY
Display text Printed edition:
International Standard Book Number 9781447166863
776 08 - ADDITIONAL PHYSICAL FORM ENTRY
Display text Printed edition:
International Standard Book Number 9781447166887
830 #0 - SERIES ADDED ENTRY--UNIFORM TITLE
Uniform title Undergraduate Topics in Computer Science,
-- 1863-7310
856 40 - ELECTRONIC LOCATION AND ACCESS
Uniform Resource Identifier <a href="https://doi.org/10.1007/978-1-4471-6687-0">https://doi.org/10.1007/978-1-4471-6687-0</a>
912 ## -
-- ZDB-2-SCS
942 ## - ADDED ENTRY ELEMENTS (KOHA)
Koha item type ЕКнига

Немає доступних примірників.